Nemzet és demokrácia a Bibó István Emlékbizottság 1989-es szegedi konferenciája /

Elmentve itt :
Bibliográfiai részletek
Szerzők: Bellavics István
Daróczi Enikő
Laczkó Sándor
Révész Béla
Dokumentumtípus: Könyv
Megjelent: Gondolat Kiadói Kör Kft; Iurisperitus Kiadó Budapest, Szeged 2025
Sorozat:Pólay Elemér Alapítvány Könyvtára
Tárgyszavak:
mtmt:36203156
Online Access:http://publicatio.bibl.u-szeged.hu/38403
LEADER 00901nam a2200229 i 4500
001 publ38403
005 20260220125240.0
008 251128s2025 hu o 000 hun d
020 |a 9789635566273; 9786156268464 
024 7 |a 36203156  |2 mtmt 
040 |a SZTE Publicatio Repozitórium  |b hun 
041 |a hun 
100 1 |a Bellavics István 
245 1 0 |a Nemzet és demokrácia   |h [elektronikus dokumentum] :  |b a Bibó István Emlékbizottság 1989-es szegedi konferenciája /  |c  Bellavics István 
260 |a Gondolat Kiadói Kör Kft; Iurisperitus Kiadó  |b Budapest, Szeged  |c 2025 
300 |a 256 
490 0 |a Pólay Elemér Alapítvány Könyvtára 
650 4 |a Történettudomány és régészet 
700 0 1 |a Daróczi Enikő  |e aut 
700 0 1 |a Laczkó Sándor  |e aut 
700 0 1 |a Révész Béla  |e aut 
856 4 0 |u http://publicatio.bibl.u-szeged.hu/38403/1/Bibo_nyomdaba_2025_05_21.pdf  |z Dokumentum-elérés